Vista normal
Vista MARC
Entrada Meeting Name
Número de registros utilizados en: 1
001 - CONTROL NUMBER
- control field: 19931
003 - CONTROL NUMBER IDENTIFIER
- control field: OSt
005 - DATE AND TIME OF LATEST TRANSACTION
- control field: 20230915230743.0
008 - FIXED-LENGTH DATA ELEMENTS
- fixed length control field: 230915|| aca||aabn | a|a d
040 ## - CATALOGING SOURCE
- Original cataloging agency: OSt
- Transcribing agency: OSt
111 ## - HEADING--MEETING NAME
- Meeting name or jurisdiction name as entry element: Seminario sobre el Sistema Nacional de Archivos de Colombia. (1o. 1992. Santafé de Bogotá : 4 al 6 de noviembre)
670 ## - SOURCE DATA FOUND
- Source citation: Work cat.: (OSt)24389: Seminario sobre el Sistema Nacional de Archivos de Colombia. (1o. 1992. Santafé de Bogotá : 4 al 6 de noviembre), Memorias del primer seminario sobre el sistema nacional de archivos de Colombia, 1993